[Event "SRB-chT Cup"]
[Site "Kragujevac"]
[Date "2017.04.30"]
[Round "2.2"]
[White "Njegic, Vladimir"]
[Black "Cukanovic, Petar"]
[Result "0-1"]
[WhiteElo "2125"]
[BlackElo "2161"]
[PlyCount "78"]
[EventDate "2017.04.29"]
[EventType "team-swiss"]
[EventRounds "6"]
[EventCountry "SRB"]
[SourceTitle "EXT 2018"]
[Source "ChessBase"]
[SourceDate "2017.10.13"]
[SourceVersion "1"]
[SourceVersionDate "2017.10.13"]
[SourceQuality "1"]
[WhiteTeam "Pozarevac"]
[BlackTeam "Vrnjacka Banja Goc"]
[WhiteTeamCountry "SRB"]
[BlackTeamCountry "SRB"]

1. e4 c5 2. Ne2 d6 3. g3 g6 4. Bg2 Bg7 5. 0-0 Nc6 6. c3 Nf6 7. Na3 0-0 8. Nc2 Rb8 9. f4 Qc7 10. h3 b5 11. g4 b4 12. Ne3 Ba6 13. d3 bxc3 14. bxc3 Nd7 15. a3 Na5 16. Ra2 Nb3 17. Bb2 Rfe8 18. f5 e6 19. h4 Qd8 20. fxe6 fxe6 21. g5 Ne5 22. Nf4 Qe7 23. Bh3 Bc8 24. d4 Nf7 25. Ng4 Qb7 26. d5 exd5 27. Nxd5 Bxg4 28. Bxg4 Rxe4 29. Bf3 Rbe8 30. Bxe4 Rxe4 31. Nf6+ Bxf6 32. Rxf6 Rxh4 33. Qf3 Qxf3 34. Rxf3 Nxg5 35. Rd3 Nf7 36. c4 Na5 37. Bc3 Nxc4 38. Rf2 Ng5 39. Re2 Nh3+ 0-1

[Event "SRB-chT2 East CS"]
[Site "Kragujevac"]
[Date "2016.10.08"]
[Round "10.6"]
[White "Njegic, Vladimir"]
[Black "Kulak, Dejan"]
[Result "1/2-1/2"]
[WhiteElo "2123"]
[BlackElo "2237"]
[PlyCount "67"]
[EventDate "2016.08.26"]
[EventType "team-tourn"]
[EventRounds "11"]
[EventCountry "SRB"]
[SourceTitle "EXT 2021"]
[Source "ChessBase"]
[SourceDate "2020.10.23"]
[SourceVersion "1"]
[SourceVersionDate "2020.10.23"]
[SourceQuality "1"]

1. e4 Nf6 2. e5 Nd5 3. Nc3 Nxc3 4. dxc3 d5 5. Bd3 c5 6. f4 g6 7. Nf3 Nc6 8. Be3 c4 9. Be2 Bg4 10. Nd4 Bxe2 11. Qxe2 e6 12. 0-0-0 h5 13. g3 Qa5 14. Kb1 Rc8 15. h3 b5 16. Bc1 b4 17. Nxc6 Rxc6 18. cxb4 Bxb4 19. c3 Be7 20. g4 Ra6 21. a3 Qa4 22. Qc2 Qb5 23. Ka2 Ra4 24. f5 hxg4 25. fxg6 fxg6 26. hxg4 Rxh1 27. Rxh1 Qb3+ 28. Kb1 Rxa3 29. Qxg6+ Kd7 30. Rh7 Qa2+ 31. Kc2 Qb3+ 32. Kb1 Qa2+ 33. Kc2 Qb3+ 34. Kb1 1/2-1/2

[Event "SRB-chT2 East"]
[Site "Vrnjacka Banja"]
[Date "2015.10.10"]
[Round "9.23"]
[White "Kraguljac, Pero"]
[Black "Njegic, Vladimir"]
[Result "0-1"]
[WhiteElo "2121"]
[BlackElo "2147"]
[PlyCount "86"]
[EventDate "2015.08.28"]
[EventType "team-tourn"]
[EventRounds "11"]
[EventCountry "SRB"]
[SourceTitle "EXT 2022"]
[Source "ChessBase"]
[SourceDate "2021.10.06"]
[SourceVersion "1"]
[SourceVersionDate "2021.10.06"]
[SourceQuality "1"]

1. e4 d6 2. Nf3 Nf6 3. d3 g6 4. c3 Bg7 5. g3 0-0 6. Bg2 Nc6 7. 0-0 Bg4 8. h3 Bxf3 9. Bxf3 e5 10. Bg2 Qd7 11. Nd2 b5 12. Nf3 Rab8 13. Re1 b4 14. d4 bxc3 15. bxc3 Rfe8 16. d5 Na5 17. Nd2 Bh6 18. Nf3 Bxc1 19. Qxc1 Kg7 20. Nh4 h6 21. Bf1 Qa4 22. Bd3 Nb7 23. Bc2 Qa5 24. Re3 Nc5 25. Nf3 Nfd7 26. Nd2 Qa6 27. Nb3 Rec8 28. f4 c6 29. Rf3 cxd5 30. exd5 Qc4 31. Qd1 e4 32. Re3 Nf6 33. Nd2 Qxd5 34. Nxe4 Qxd1+ 35. Rxd1 Nfxe4 36. Bxe4 Nxe4 37. Rxe4 Rxc3 38. Rd2 Rxg3+ 39. Kh2 Ra3 40. Re7 Rb5 41. Rd7 Rf5 42. R2xd6 Rxa2+ 43. Kg3 Rfa5 0-1

[Event "SRB-chT2 East"]
[Site "Vrnjacka Banja"]
[Date "2015.10.08"]
[Round "6.53"]
[White "Njegic, Vladimir"]
[Black "Bulatovic, Nikola"]
[Result "1/2-1/2"]
[WhiteElo "2147"]
[BlackElo "2078"]
[PlyCount "81"]
[EventDate "2015.08.28"]
[EventType "team-tourn"]
[EventRounds "11"]
[EventCountry "SRB"]
[SourceTitle "EXT 2022"]
[Source "ChessBase"]
[SourceDate "2021.10.06"]
[SourceVersion "1"]
[SourceVersionDate "2021.10.06"]
[SourceQuality "1"]

1. d4 e6 2. Bf4 c5 3. c3 Qb6 4. Qc2 cxd4 5. cxd4 Nc6 6. e3 Nb4 7. Qb3 Nd5 8. Qxb6 axb6 9. Bg3 Nb4 10. Kd2 Rxa2 11. Rxa2 Nxa2 12. Bc4 Nb4 13. Nc3 d5 14. Bb5+ Bd7 15. Nf3 Bxb5 16. Nxb5 Nf6 17. Nc7+ Ke7 18. Ra1 Ne4+ 19. Ke2 Nxg3+ 20. hxg3 Nc6 21. Ra8 Kd7 22. Nb5 f6 23. Ne1 g5 24. g4 Bg7 25. Rxh8 Bxh8 26. f3 e5 27. Kd3 Bg7 28. Nc2 Bf8 29. e4 exd4 30. exd5 Ne7 31. Kxd4 Ng6 32. g3 Ne5 33. Ke4 Nc4 34. b4 Nd6+ 35. Nxd6 Bxd6 36. f4 b5 37. Kf5 Ke7 38. Ke4 Kd7 39. Kf5 Ke7 40. Ke4 Kd7 41. Kf5 1/2-1/2

[Event "SRB-chT2 East"]
[Site "Zajecar"]
[Date "2013.10.12"]
[Round "4"]
[White "Colic, Nikola"]
[Black "Njegic, Vladimir"]
[Result "1-0"]
[WhiteElo "2196"]
[BlackElo "2160"]
[PlyCount "91"]
[EventDate "2013.10.10"]
[EventType "team-swiss"]
[EventRounds "8"]
[EventCountry "SRB"]
[SourceTitle "EXT 2014"]
[Source "ChessBase"]
[SourceDate "2013.11.20"]
[SourceVersion "1"]
[SourceVersionDate "2013.11.20"]
[SourceQuality "1"]

1. d4 Nf6 2. c4 e6 3. Nc3 Bb4 4. Qc2 b6 5. Nf3 Bb7 6. Bg5 h6 7. Bh4 g5 8. Bg3 Ne4 9. d5 exd5 10. cxd5 Bxd5 11. 0-0-0 Nxc3 12. bxc3 Ba3+ 13. Kb1 Be6 14. Nd4 Bd6 15. Qe4 Nc6 16. Nxe6 fxe6 17. Qg6+ Kf8 18. Rxd6 cxd6 19. Bxd6+ Ne7 20. Qf6+ Kg8 21. Bxe7 Qe8 22. Bd6 Qf7 23. Qd4 Qg6+ 24. e4 Rh7 25. f3 Rc8 26. Ba6 Re8 27. Kb2 Rf7 28. Bd3 Qf6 29. e5 Qf4 30. Bg6 Rc8 31. Bxf7+ Qxf7 32. h4 g4 33. Qxg4+ Kh8 34. Qe4 b5 35. Rd1 Rc6 36. g4 a5 37. g5 hxg5 38. hxg5 Qh5 39. g6 b4 40. c4 Qh2+ 41. Kb1 b3 42. axb3 a4 43. Qc2 Qh4 44. g7+ Kg8 45. Qg6 Rc8 46. Qf6 1-0

[Event "SRB-chT2 East"]
[Site "Zajecar"]
[Date "2013.10.11"]
[Round "2"]
[White "Njegic, Vladimir"]
[Black "Jakovljevic, Dejan"]
[Result "1-0"]
[WhiteElo "2160"]
[BlackElo "1940"]
[PlyCount "26"]
[EventDate "2013.10.10"]
[EventType "team-swiss"]
[EventRounds "8"]
[EventCountry "SRB"]
[SourceTitle "EXT 2014"]
[Source "ChessBase"]
[SourceDate "2013.11.20"]
[SourceVersion "1"]
[SourceVersionDate "2013.11.20"]
[SourceQuality "1"]

1. d4 Nf6 2. c4 e5 3. dxe5 Ng4 4. Bf4 Nc6 5. Nf3 Bb4+ 6. Nc3 Qe7 7. Qb3 a5 8. a3 a4 9. Qc2 Ba5 10. e3 Ncxe5 11. Nxe5 Nxe5 12. Be2 f6 13. 0-0 Bxc3 1-0

[Event "SRB Central-ch op"]
[Site "Pozarevac"]
[Date "2013.02.22"]
[Round "7"]
[White "Chelushkina, Irina"]
[Black "Njegic, Vladimir"]
[Result "1-0"]
[WhiteElo "2265"]
[BlackElo "2149"]
[PlyCount "139"]
[EventDate "2013.02.18"]
[EventType "swiss"]
[EventRounds "9"]
[EventCountry "SRB"]
[SourceTitle "CBM 153 Extra"]
[Source "ChessBase"]
[SourceDate "2013.04.22"]
[SourceVersion "1"]
[SourceVersionDate "2013.04.22"]
[SourceQuality "1"]

1. e4 e6 2. d3 c5 3. Nf3 g6 4. c3 Bg7 5. Be2 Ne7 6. 0-0 d5 7. Na3 0-0 8. exd5 Nxd5 9. c4 Nc7 10. Bg5 Qd6 11. Qc1 Nc6 12. Nc2 b6 13. Nd2 Qe5 14. Ne4 Qxb2 15. Qd1 Nd4 16. Rc1 Nxc2 17. Rxc2 Qd4 18. Bf3 Bb7 19. Qc1 f5 20. Be3 Qd8 21. Bg5 Qd4 22. Be3 Qd8 23. Bg5 Qb8 24. Nd2 Re8 25. Bxb7 Qxb7 26. Nf3 e5 27. Re1 Re6 28. Rce2 Rae8 29. Bd2 Qc6 30. h4 Qd7 31. Bc3 Qxd3 32. Nxe5 Qd8 33. g3 Rd6 34. a4 Ree6 35. a5 Qe8 36. axb6 axb6 37. h5 b5 38. h6 Bf6 39. Bb2 b4 40. Qe3 Na6 41. f4 Qd8 42. Qf3 Nc7 43. Kf2 Bxe5 44. Bxe5 Rd3 45. Qb7 Qa8 46. Qxa8+ Nxa8 47. Ra1 Nb6 48. Ra6 Ra3 49. Rxa3 bxa3 50. Rc2 Nd7 51. Bg7 Nf6 52. Kf3 Ne4 53. g4 Ra6 54. Ra2 Kf7 55. g5 Ke6 56. Ke3 Kf7 57. Be5 Ra4 58. Kd3 Ke6 59. Ba1 Kd6 60. Be5+ Kc6 61. Ba1 Ra7 62. Kc2 Nd6 63. Kb3 Rb7+ 64. Kc3 Ra7 65. Re2 Ne4+ 66. Kb3 Rb7+ 67. Kc2 Kd7 68. Be5 Rb4 69. Re3 Rb7 70. Rxa3 1-0

[Event "SRB Central-ch op"]
[Site "Pozarevac"]
[Date "2013.02.20"]
[Round "4"]
[White "Njegic, Vladimir"]
[Black "Ilic, Milenko"]
[Result "1-0"]
[WhiteElo "2149"]
[BlackElo "1961"]
[PlyCount "33"]
[EventDate "2013.02.18"]
[EventType "swiss"]
[EventRounds "9"]
[EventCountry "SRB"]
[SourceTitle "CBM 153 Extra"]
[Source "ChessBase"]
[SourceDate "2013.04.22"]
[SourceVersion "1"]
[SourceVersionDate "2013.04.22"]
[SourceQuality "1"]

1. d4 Nf6 2. c4 c5 3. d5 b5 4. Nf3 bxc4 5. Nc3 g6 6. e4 d6 7. Bxc4 Bg7 8. e5 dxe5 9. Nxe5 0-0 10. 0-0 Bb7 11. Re1 Nfd7 12. Nxf7 Rxf7 13. d6 e5 14. Bxf7+ Kh8 15. Bd5 Nc6 16. Ne4 Rb8 17. Ng5 1-0

[Event "SRB Central-ch op"]
[Site "Pozarevac"]
[Date "2013.02.18"]
[Round "1"]
[White "Pikula, Dejan"]
[Black "Njegic, Vladimir"]
[Result "1-0"]
[WhiteElo "2489"]
[BlackElo "2149"]
[PlyCount "47"]
[EventDate "2013.02.18"]
[EventType "swiss"]
[EventRounds "9"]
[EventCountry "SRB"]
[SourceTitle "CBM 153 Extra"]
[Source "ChessBase"]
[SourceDate "2013.04.22"]
[SourceVersion "1"]
[SourceVersionDate "2013.04.22"]
[SourceQuality "1"]

1. e4 e6 2. d3 c5 3. Nf3 Nc6 4. g3 d6 5. Bg2 Nge7 6. h4 h6 7. c3 d5 8. Qe2 dxe4 9. dxe4 e5 10. 0-0 Be6 11. Na3 a6 12. Nc4 Bxc4 13. Qxc4 Nc8 14. Be3 Nb6 15. Qe2 Be7 16. Rad1 Qc7 17. Nh2 Nd7 18. Bh3 Nf6 19. Ng4 Nh7 20. f4 exf4 21. Bxf4 Qb6 22. Nxh6 Nd4 23. cxd4 gxh6 24. d5 1-0

[Event "Branicevo-ch"]
[Site "Pozarevac"]
[Date "2012.12.23"]
[Round "5"]
[White "Njegic, Vladimir"]
[Black "Andrijevic, Milan"]
[Result "1-0"]
[WhiteElo "2134"]
[BlackElo "2351"]
[PlyCount "79"]
[EventDate "2012.12.21"]
[EventType "swiss"]
[EventRounds "5"]
[EventCountry "SRB"]
[SourceTitle "CBM 152 Extra"]
[Source "ChessBase"]
[SourceDate "2013.02.25"]
[SourceVersion "1"]
[SourceVersionDate "2013.02.25"]
[SourceQuality "1"]

1. d4 Nf6 2. c4 e6 3. Nc3 d5 4. cxd5 exd5 5. Bg5 Be7 6. Qc2 0-0 7. e3 c6 8. Bd3 Nbd7 9. Nf3 Re8 10. 0-0-0 Nf8 11. Kb1 Be6 12. Ne5 Ng4 13. Bxe7 Rxe7 14. h3 Nh6 15. f4 f6 16. Nf3 Bf7 17. Rhe1 Qd6 18. g4 Kh8 19. g5 Bh5 20. Qf2 Ng8 21. Rc1 Bxf3 22. Qxf3 fxg5 23. fxg5 Nd7 24. Ne2 Rf8 25. Nf4 g6 26. h4 Ref7 27. h5 Rxf4 28. exf4 Rxf4 29. Qg3 Rf6 30. Qh3 Rf2 31. hxg6 Rh2 32. Qe6 Qxe6 33. Rxe6 hxg6 34. Rf1 c5 35. Rd6 Nb6 36. Rxg6 Nd7 37. Rf7 c4 38. Bf5 Rh1+ 39. Kc2 Rf1 40. Rxd7 1-0

[Event "SRB-chT2 East CS"]
[Site "Serbia"]
[Date "2012.09.16"]
[Round "4.36"]
[White "Njegic, Vladimir"]
[Black "Arandjelovic, Aleksandar Z"]
[Result "1-0"]
[WhiteElo "2103"]
[BlackElo "1962"]
[PlyCount "70"]
[EventDate "2012.09.14"]
[EventType "team"]
[EventRounds "9"]
[EventCountry "SRB"]
[SourceTitle "EXT 2015"]
[Source "ChessBase"]
[SourceDate "2014.11.20"]
[SourceVersion "1"]
[SourceVersionDate "2014.11.20"]
[SourceQuality "1"]

1. d4 Nf6 2. c4 g6 3. Nc3 Bg7 4. e4 d6 5. h3 0-0 6. Be3 a6 7. Nf3 c6 8. Bd3 b5 9. Qd2 bxc4 10. Bxc4 Nfd7 11. Bh6 Qa5 12. Bxg7 Kxg7 13. 0-0-0 Nb6 14. Bb3 N8d7 15. h4 h6 16. h5 g5 17. d5 f6 18. Nd4 Ne5 19. f4 Nbc4 20. Qe2 Bg4 21. Nf3 Rab8 22. Bxc4 Nxc4 23. Qxc4 cxd5 24. Qxd5 Qb4 25. Rd2 Rfc8 26. Qd3 Qa5 27. Rc2 Qb4 28. fxg5 Be6 29. gxf6+ exf6 30. Nd4 Bxa2 31. Nf5+ Kh7 32. Qe3 Rc7 33. Qxh6+ Kg8 34. Qg6+ Kf8 35. Qxf6+ Ke8 1-0

[Event "SRB-chT2 East CS"]
[Site "Serbia"]
[Date "2012.09.15"]
[Round "2.16"]
[White "Njegic, Vladimir"]
[Black "Lazovic, Bozidar"]
[Result "1-0"]
[WhiteElo "2103"]
[BlackElo "1810"]
[PlyCount "57"]
[EventDate "2012.09.14"]
[EventType "team"]
[EventRounds "9"]
[EventCountry "SRB"]
[SourceTitle "EXT 2015"]
[Source "ChessBase"]
[SourceDate "2014.11.20"]
[SourceVersion "1"]
[SourceVersionDate "2014.11.20"]
[SourceQuality "1"]

1. e4 c5 2. Nc3 d6 3. g3 Nf6 4. Bg2 g6 5. Nge2 Bg7 6. 0-0 0-0 7. f4 Nc6 8. d3 Rb8 9. h3 Bd7 10. g4 b5 11. Ng3 e6 12. f5 Ne8 13. Nce2 exf5 14. exf5 gxf5 15. Nxf5 Bxf5 16. Rxf5 Nd4 17. Nxd4 Bxd4+ 18. Kh1 Ng7 19. Rf1 b4 20. a3 Qh4 21. axb4 cxb4 22. Bf4 Rbd8 23. Qd2 Ne6 24. Be3 Rfe8 25. Bxd4 Nxd4 26. Qf4 Nxc2 27. Qxf7+ Kh8 28. Rxa7 Re2 29. Qg7# 1-0

[Event "SRB-chT Central"]
[Site "Pozarevac"]
[Date "2012.02.19"]
[Round "9"]
[White "Njegic, Vladimir"]
[Black "Kostic, Tomislav"]
[Result "1/2-1/2"]
[WhiteElo "2114"]
[BlackElo "1813"]
[PlyCount "27"]
[EventDate "2012.02.13"]
[EventType "team-swiss"]
[EventRounds "9"]
[EventCountry "SRB"]
[SourceTitle "CBM 146 Extra"]
[Source "ChessBase"]
[SourceDate "2012.02.29"]
[SourceVersion "1"]
[SourceVersionDate "2012.02.29"]
[SourceQuality "1"]

1. d4 Nf6 2. Nf3 e6 3. c4 Bb4+ 4. Nbd2 0-0 5. g3 b6 6. Bg2 Bb7 7. Qc2 d5 8. Ne5 Nfd7 9. Nd3 Be7 10. cxd5 exd5 11. 0-0 Re8 12. Nf3 c6 13. Bf4 a5 14. Nfe5 1/2-1/2

[Event "SRB-chT Central"]
[Site "Pozarevac"]
[Date "2012.02.17"]
[Round "7"]
[White "Njegic, Vladimir"]
[Black "Tosic, Nebojsa"]
[Result "1/2-1/2"]
[WhiteElo "2114"]
[BlackElo "2214"]
[PlyCount "40"]
[EventDate "2012.02.13"]
[EventType "team-swiss"]
[EventRounds "9"]
[EventCountry "SRB"]
[SourceTitle "CBM 146 Extra"]
[Source "ChessBase"]
[SourceDate "2012.02.29"]
[SourceVersion "1"]
[SourceVersionDate "2012.02.29"]
[SourceQuality "1"]

1. d4 Nf6 2. Nf3 c5 3. e3 g6 4. c4 Bg7 5. Nc3 0-0 6. Be2 a6 7. dxc5 Qa5 8. 0-0 Qxc5 9. e4 Nc6 10. Be3 Qa5 11. Nd4 d6 12. f3 Be6 13. Nxe6 fxe6 14. c5 dxc5 15. Bc4 Nd4 16. Bxd4 cxd4 17. Qxd4 Ng4 18. Bxe6+ Kh8 19. e5 Nxe5 20. Qe3 Nc6 1/2-1/2

[Event "SRB-chT2 East CS"]
[Site "Serbia"]
[Date "2011.10.15"]
[Round "9.16"]
[White "Njegic, Vladimir"]
[Black "Dinic, Miodrag"]
[Result "1-0"]
[WhiteElo "2105"]
[BlackElo "2120"]
[PlyCount "71"]
[EventDate "2011.09.11"]
[EventType "team"]
[EventRounds "11"]
[EventCountry "SRB"]
[SourceTitle "EXT 2015"]
[Source "ChessBase"]
[SourceDate "2014.11.20"]
[SourceVersion "1"]
[SourceVersionDate "2014.11.20"]
[SourceQuality "1"]

1. d4 d5 2. c4 Nc6 3. e3 e5 4. dxe5 d4 5. exd4 Qxd4 6. Qxd4 Nxd4 7. Bd3 Be6 8. Nf3 Nxf3+ 9. gxf3 0-0-0 10. Ke2 Ne7 11. Bg5 h6 12. Bxe7 Bxe7 13. f4 Rd4 14. Nc3 Bxc4 15. Bxc4 Rxc4 16. Nd5 Re8 17. Rac1 Rxc1 18. Rxc1 c6 19. Kd3 Kb8 20. Nxe7 Rxe7 21. Ke4 Kc8 22. f5 g6 23. Rg1 gxf5+ 24. Kxf5 Kd7 25. Rg7 Ke8 26. Rg8+ Kd7 27. Rf8 c5 28. f4 c4 29. Kf6 Re6+ 30. Kxf7 Re7+ 31. Kg6 b5 32. Kf5 a5 33. Ra8 b4 34. Ke4 Ke6 35. f5+ Kf7 36. Rc8 1-0

[Event "SRB-chT2 East CS"]
[Site "Serbia"]
[Date "2011.10.02"]
[Round "4.14"]
[White "Tosic, Branislav"]
[Black "Njegic, Vladimir"]
[Result "1/2-1/2"]
[WhiteElo "2244"]
[BlackElo "2105"]
[PlyCount "31"]
[EventDate "2011.09.11"]
[EventType "team"]
[EventRounds "11"]
[EventCountry "SRB"]
[SourceTitle "EXT 2015"]
[Source "ChessBase"]
[SourceDate "2014.11.20"]
[SourceVersion "1"]
[SourceVersionDate "2014.11.20"]
[SourceQuality "1"]

1. d4 d5 2. Nf3 Nf6 3. c4 dxc4 4. Qa4+ Nbd7 5. Qxc4 e6 6. Nc3 Nb6 7. Qb3 Be7 8. g3 0-0 9. Bg2 c5 10. dxc5 Bxc5 11. 0-0 Nbd5 12. Nxd5 Qxd5 13. Qxd5 Nxd5 14. a3 Bd7 15. b4 Bb6 16. Bb2 1/2-1/2

[Event "SRB-chT2 East"]
[Site "Serbia"]
[Date "2010.09.12"]
[Round "1"]
[White "Tosic, Branislav"]
[Black "Njegic, Vladimir"]
[Result "1-0"]
[WhiteElo "2218"]
[BlackElo "2131"]
[PlyCount "69"]
[EventDate "2010.09.11"]
[EventType "team"]
[EventRounds "11"]
[EventCountry "SRB"]
[SourceTitle "EXT 2012"]
[Source "ChessBase"]
[SourceDate "2011.11.24"]
[SourceVersion "1"]
[SourceVersionDate "2011.11.24"]
[SourceQuality "1"]

1. c4 c5 2. Nc3 Nc6 3. Nf3 Nf6 4. g3 g6 5. Bg2 Bg7 6. 0-0 0-0 7. a3 a6 8. d4 cxd4 9. Nxd4 Qc7 10. c5 Qe5 11. Nb3 Qh5 12. e4 d6 13. Qxh5 Nxh5 14. cxd6 exd6 15. Be3 Be6 16. Nd2 Ne5 17. Bd4 Rfd8 18. Rfd1 Rac8 19. Bf1 Bg4 20. Rdb1 b5 21. h3 Be6 22. Rd1 g5 23. Kg2 g4 24. hxg4 Bxg4 25. f3 Be6 26. Be2 f5 27. Rac1 f4 28. g4 Ng3 29. Bb6 Re8 30. Kf2 Rc6 31. Ba5 Rec8 32. Bf1 Nxf1 33. Kxf1 Nd3 34. Rb1 Nxb2 35. Nd5 1-0